Maestro de sacerdotes : reflexiones sobre la oración sacerdotal de Jesús /

Guardado en:
Detalles Bibliográficos
Autor principal: Anitua, Santiago de (autor)
Formato: Libro
Idioma:Español
Publicado: San José, Costa Rica : Libro Libre, 1989, c1989
Etiquetas: Agrega una etiqueta
Sin etiquetas, Sé el primero en etiquetar este registro!

MARC

LEADER 00000nam^a2200000^a^4500
001 000576085
005 20250521000000.0
009 20260310132421.5
020 |a 9977-901-85-6 
037 |a Acervo Xavier Clavigero 
041 |a ESP 
091 |a FIP. 00190 
100 |a Anitua, Santiago de  |e (autor) 
245 1 0 |a Maestro de sacerdotes :  |b reflexiones sobre la oración sacerdotal de Jesús / 
264 4 |a San José, Costa Rica :  |b Libro Libre,  |c 1989, c1989 
300 |a 335 p. 
336 |a texto  |b txt  |2 rdacontenido 
337 |a sin mediación  |b n  |2 rdamedio 
338 |a volumen  |b nc  |2 rdasoporte 
649 |a XX 
910 |a Fondo Manuel Ignacio Pérez Alonso S.J. 
920 |a Impresos - Libros 
930 |a Fondos Especiales 
905 |a 140 
901 |a 0500404256  |b IT2  |c ESP  |i D  |u 20250521 
902 |a https://opac.biblio.iteso.mx/vufind/Record/000576085